| 000 | 00847nam a2200229 a 4500 | ||
|---|---|---|---|
| 005 | 20240919064603.0 | ||
| 008 | 081108s2006 mx r 000 0 spa d | ||
| 020 | _a0827040423 | ||
| 035 | _aUPN01000165827 | ||
| 049 | _aCG | ||
| 050 | 4 |
_aHC79 E5 _bT7.3 |
|
| 100 | 1 |
_aTréllez Solís, Eloísa _938345 |
|
| 245 | 1 | 0 |
_aEducación para un futuro sostenible en América Latina y el Caribe = _bEducation for a sustainable future in the Americas / _cEloísa Tréllez Solís, Gustavo Wilches Chaux. |
| 260 |
_aWashington : _bOEA, _c[2006]. |
||
| 300 | _axx, 122 p. | ||
| 440 | 0 |
_aInteramer ; _v67. _pEducativa |
|
| 650 | 4 |
_aDesarrollo sustentable _xEstudio y enseñanza _924295 |
|
| 650 | 4 |
_aEducación ambiental _94338 |
|
| 700 | 1 |
_aWilches Chaux, Gustavo, _ecoaut. |
|
| 740 | 0 | _aEducation for a sustainable future in the Americas | |
| 905 | _aLibro | ||
| 999 |
_c137939 _d137939 |
||